000
00217 a2200097 4500
001
51076
100
_a
Ritterman S
245
_a
Computer Circuits concepts
260
_a
New York
_b
McGraw-H
_c
090
_c
32337
_d
32337
942
_a
NUST-CAE
_c
M
_c
24822
999
_c
286149
_d
286149